Políticas públicas de estímulo al control social de la gestión pública: dimensiones conceptuales / Luis Verdesoto (Registro nro. 1829)
[ vista simple ]
| 000 -LEADER | |
|---|---|
| fixed length control field | 00663nam a22001931a 4500 |
| 001 - CONTROL NUMBER | |
| control field | 1829 |
| 003 - CONTROL NUMBER IDENTIFIER | |
| control field | OSt |
| 005 - DATE AND TIME OF LATEST TRANSACTION | |
| control field | 20260204211748.0 |
| 008 - FIXED-LENGTH DATA ELEMENTS--GENERAL INFORMATION | |
| fixed length control field | 040122s2002||||dr ||||||b||||||||||spa|| |
| 050 ## - LIBRARY OF CONGRESS CALL NUMBER | |
| Classification number | RD 303.33 V438p |
| 082 ## - DEWEY DECIMAL CLASSIFICATION NUMBER | |
| Classification number | RD303.33 V438p SDT.13 |
| 100 ## - ASIENTO PRINCIPAL -- NOMBRE PERSONAL | |
| Personal name | Verdesoto, Luís |
| 245 ## - TÍTULO PROPIAMENTE DICHO: SUBTÍTULO | |
| Title | Políticas públicas de estímulo al control social de la gestión pública: dimensiones conceptuales / Luis Verdesoto |
| 264 ## - PRODUCTION, PUBLICATION, DISTRIBUTION, MANUFACTURE, AND COPYRIGHT NOTICE | |
| Place of production, publication, distribution, manufacture | Santo Domingo : INTEC |
| 300 ## - PHYSICAL DESCRIPTION | |
| Extensión | 88 p. |
| 490 ## - MENCIÓN DE SERIE | |
| Series statement | Colección Sociedad Civil Serie Documentos de Traba 13 |
| 650 ## - ASIENTO SECUNDARIO DE MATERIA -- TERMINO TEMÁTICO | |
| Termino Temático Como Elemento de Entrada | 1.Control Social 2.Participación Social 3.Sociedad Civil - República DominicanaÌ |
| 942 ## - ADDED ENTRY ELEMENTS (KOHA) | |
| Source of classification or shelving scheme | Dewey Decimal Classification |
| Koha item type | Libros |
| Withdrawn status | Lost status | Source of classification or shelving scheme | Damaged status | Not for loan | Current library | Date acquired | Total Checkouts | Full call number | Barcode | Date last seen | Price effective from | Koha item type |
|---|---|---|---|---|---|---|---|---|---|---|---|---|
| Dewey Decimal Classification | Biblioteca UTECO | 09/09/2019 | RD 303.33 V438P | 006116 | 09/09/2019 | 09/09/2019 | Libros |
